000
00250nam a2200097Ia 4500
942
_c
BK
245
0
_a
EFFECTIVE PUBLIC RELATIONS
100
_a
SCOTT M. CUTLIP
700
_a
ALLEN H. CENTER GLEN M. BROOM
008
210804s9999 xx 000 0 und d
999
_c
43937
_d
43936